00470nam a2200109Ia 4500008004100000050002800041100003200069245011700101260008600218300002900304521002700333140724s9999 xx 000 0 und d aQA 76.9.S88b.C352 2006 aCastillo, Jennifer Marie L. aAutomated billing and information system for Antonio Cecilia Lobo Castillo (ACLC) /cJennifer Marie L. Castillo. aLas Piñas, Philippines :bSouthville International School and Colleges,cc2006. a117 p. ;bill. ;c28 cm. aInformation Technology